|
|
|
|
| LEADER |
00560cam a2200169 7i4500 |
| 001 |
0000027285 |
| 005 |
20120524090000.0 |
| 020 |
0 |
0 |
|a 9781592377367
|
| 090 |
0 |
0 |
|a I 658
|b NAT
|
| 245 |
0 |
0 |
|a Nations of the world :
|b political, economic and business handbook.
|
| 250 |
0 |
0 |
|a 10th ed.
|
| 260 |
0 |
0 |
|a Armenia, NY:
|b Grey House Publishing,
|c 2011.
|
| 300 |
# |
# |
|a 1910 p.
|
| 650 |
0 |
0 |
|a Almanacs
|
| 650 |
0 |
0 |
|a Business travel --
|x handbooks, manual, etc
|
| 650 |
0 |
0 |
|a International trade --
|x Handbooks, manual etc
|
| 999 |
|
|
|a B000029939
|b Book
|c International
|e Business Information Centre
|